01137nas a22002537a 4500003000400000005001700004008004100021022001400062040001400076245007400090260007500164300002100239362004400260500010500304500007700409610003900486650004100525650004400566710006200610710003900672942001300711999001500724952014400739OSt20151125110135.0130628d19771990sp |||| |||| 00| 0 spa d a0210-3982 cCDMRbcat aMensaje y mediosb: revista de los profesionales de la comunicación aMadridbInstituto Oficial de Radiodifusión y Televisiónc1977-1990 anúm.bil.ccm. aNúm. 1 (oct. 1977) - núm. 21 (1990) aA partir de 1988 (?) canvia el títol i format: Mensaje y medios, revista de comunicación de RTVE aA partir de 1988 (?) edita el Gabinete de la Dirección General de RTVE2091250aRadiotelevisión Española0491780aTelevisiózEspanyavRevistes0491720aRadiodifusiózEspanyavRevistes2 92097aInstituto Oficial de Radio y Televisión (Espanya)2 91250aRadiotelevisión Española cSER2udc c6536d6536 00104070aCDMRbCDMRd2013-01-16hNúm. 1 (1977) - núm. 8 (1979) / núm. 10 (1990) - núm. 21 (1990)l0r2013-06-28w2013-06-28ySER